01648nam a2200337Ic 450000100060000000300100000600500170001600700030003300800410003602000180007704000350009504100130013008200230014310000230016624501330018925000230032226400460034530000660039133600270045733700330048433800280051750400650054552004150061052100410102553400260106665000680109265000430116065000310120365000500123470000260128459547CO-BoRNBP20251022165548.0ta250128s2024 ck ad g 001 0dspa d a9789583069383 aCO-BoRNBPbspaerdacCO-BoRNBP1 aspaheng04a658.0563bD82t223 aDuffey, Chriseaut10aTransforme su negocio con inteligencia artificial :binnovación para superhumanos /cChris Duffey ; traductor Orlando Riaño. aEdición especial 1aBogotá, Colombia :bPanamericana,c2024 a346 páginas :bilustraciones, gráficas en blanco y negro, atextobtxt2rdacontent asin mediaciónbn2rdamedia avolumenbnc2rdacarrier aIncluye referencias bibliográficas e índice alfábetico aEste libro pretende explicar cómo se podrá aprovechar el creciente poder de la inteligencia artificial en todos los ámbitos, en especial en lo relacionado con las relaciones comerciales y laborales. La IA ha revolucionado las industrias en todo el mundo, y amplificará los servicios y experiencias, permitiendo optimizar procesos y obligando a un nuevo relacionamiento y concepción del trabajo humano aRecomendado para un público adulto tSuperhuman innovation07aAdministración de empresasxInnovaciones tecnológicas2LEMB07aAptitud creadora en los negocios2LEMB07aComercio electronico2lemb07aInteligencia artificial en los negocios2lemb aRiaño, Orlandoetrl